[Event "Huila Region-ch Amateur"]
[Site "Neiva"]
[Date "2015.01.25"]
[Round "4.7"]
[White "Hernandez Z, Mauricio"]
[Black "Palomares, Juan David"]
[Result "1-0"]
[WhiteElo "1708"]
[BlackElo "1600"]
[PlyCount "67"]
[EventDate "2015.01.24"]
[EventType "swiss"]
[EventRounds "6"]
[EventCountry "COL"]
[SourceTitle "EXT 2024"]
[Source "ChessBase"]
[SourceDate "2023.10.10"]
[SourceVersion "1"]
[SourceVersionDate "2023.10.10"]
[SourceQuality "1"]

1. e4 c5 2. Nf3 d6 3. d4 cxd4 4. Nxd4 Nf6 5. Nc3 a6 6. Be3 e6 7. Be2 Be7 8. h3 Nc6 9. a3 Bd7 10. Qd2 0-0 11. f4 Re8 12. g4 Nxd4 13. Bxd4 Bc6 14. Qe3 Nd7 15. 0-0-0 Qc7 16. Rhf1 e5 17. fxe5 dxe5 18. Qf3 exd4 19. Qxf7+ Kh8 20. Rxd4 Bg5+ 21. Kb1 Rf8 22. Qh5 Rxf1+ 23. Bxf1 Qf4 24. Rd1 Rf8 25. h4 Nf6 26. Qxg5 Qxg4 27. Qxg4 Nxg4 28. Bd3 Rf2 29. Nd5 g6 30. Rh1 Ne5 31. h5 Kg7 32. Ne7 Nxd3 33. cxd3 Bb5 34. hxg6 1-0